Lot-et-Garonne - mort subite - Statistiques

Statistiques générales
  • Ce quiz a été pris 34 fois
    21 depuis la dernière actualisation
  • Le résultat moyen est 11 sur 18
Answers on the Grid
Answers color-coded by a green-red scale on the quiz's grid according to % correct below.
Marmande
Le Passage
Tonneins
Diyarbakır
L'ancien province de Guyenne
Avignon
Matsue
Stryi
Des producteurs d'armagnac
Des peintures de Goya
Kota
Cahors
Nérac
Chaumont
Armavir
Sambreville
Villeneuve-sur-Lot
Villeréal
Annonay
Saint-Priest
Halluin
Duras
Casteljaloux
Le site de la maison de Marguerite Duras
Pujols-le-Haut
Un aéroport avec des vols réguliers
Arua
Puymirol
Labé
Agen
Monflanquin
Charallave
Une frontière avec la Dordogne
Le Coudray-Montceaux
Louviers
Castelnaud-de-Gratecambe
 
Statistiques - réponses
Réponse % Correct
Marmande
94%
Tonneins
94%
Commune Le Passage
81%
Nérac
81%
Villeneuve-sur-Lot
75%
Agen
69%
Casteljaloux
63%
Monflanquin
63%
Une frontière avec la Dordogne
63%
Des producteurs d'armagnac
56%
Villeréal
56%
Duras
50%
L'ancien province de Guyenne
50%
(née Donnadieu), Duras Le site de la maison de Marguerite Duras
44%
Castelnaud-de-Gratecambe
38%
Musée des Beaux-Arts d'Agen Des peintures de Goya
31%
Pujols-le-Haut
31%
Puymirol
31%
Aucun quiz correspondant
Distribution des résultats
% des personnes avec chaque résultat
Percentile par nombre de réponses
Votre historique - résultats
Vous n’avez pas pris ce quiz depuis la dernière actualisation